000
00214nam a2200121Ia 4500
100
_a
TONY LAKE
942
_c
BK
245
_a
RELATISONSHIP
260
_b
#N/A
300
_a
320
546
_a
ENGLISH
999
_c
21101
_d
21101